Text book of topographical abd geographical surveying (Record no. 544134)

000 -LEADER
fixed length control field 00442nam a22001337a 4500
082 ## - DEWEY DECIMAL CLASSIFICATION NUMBER
Classification number 526.98
Author Mark CLO
-- L-tech, P-110
100 ## - MAIN ENTRY--PERSONAL NAME
Personal name C.F. Close,
9 (RLIN) 39691
245 ## - TITLE STATEMENT
Title Text book of topographical abd geographical surveying
Statement of responsibility, etc. close, Charles
260 ## - PUBLICATION, DISTRIBUTION, ETC.
Place of publication, distribution, etc. London
Name of publisher, distributor, etc. published by his majestys stationery office
Date of publication, distribution, etc. 1905
526 ## - STUDY PROGRAM INFORMATION NOTE
Program name 0
Interest level 0
Reading level 0
Title point value 526_980000000000000_CLO
526 ## - STUDY PROGRAM INFORMATION NOTE
Program name 0
Interest level 0
Reading level 0
Title point value 526_980000000000000_TEX
650 ## - SUBJECT ADDED ENTRY--TOPICAL TERM
Topical term or geographic name entry element MCE
9 (RLIN) 379
942 ## - ADDED ENTRY ELEMENTS (KOHA)
Source of classification or shelving scheme
Koha item type Book
Holdings
Withdrawn status Lost status Source of classification or shelving scheme Damaged status Not for loan Permanent Location Current Location Date acquired Total Checkouts Full call number Barcode Date last seen Price effective from Koha item type
          Military College of Engineering (MCE) Military College of Engineering (MCE) 04/11/2014   526.98 CLO MCE-40081 04/11/2014 04/11/2014 Book
          Military College of Engineering (MCE) Military College of Engineering (MCE) 04/11/2014   526.98 TEX MCE-40082 04/11/2014 04/11/2014 Book
© 2023 Central Library, National University of Sciences and Technology. All Rights Reserved.